[Event "CRO Team Cup 2018"]
[Site "Mali Losinj"]
[Date "2018.05.19"]
[Round "5.23"]
[White "Blazeka, Matej"]
[Black "Golubovic, Boris"]
[Result "1/2-1/2"]
[WhiteElo "2312"]
[BlackElo "2386"]
[Annotator "NA"]
[PlyCount "51"]
[EventType "team-tourn"]
[EventCountry "CRO"]
[SourceTitle "playchess.com"]
[Source "ChessBase"]
[SourceQuality "1"]
[TimeControl "40/5400+30:1800+30"]

1. e4 {[%emt 0:00:30]} c6 {[%emt 0:04:00]} 2. d4 {[%emt 0:00:00]} d5 {[%emt 0:00:30]} 3. Nc3 {[%emt 0:00:00]} dxe4 {[%emt 0:00:30]} 4. Nxe4 {[%emt 0:00:00]} Nd7 {[%emt 0:02:30]} 5. Nf3 {[%emt 0:00:00]} Ngf6 {[%emt 0:00:00]} 6. Ng3 {[%emt 0:00:00]} g6 {[%emt 0:03:00]} 7. Bc4 {[%emt 0:06:00]} Bg7 {[%emt 0:00:30]} 8. O-O {[%emt 0:02:30]} O-O {[%emt 0:00:30]} 9. Re1 {[%emt 0:01:30]} Nb6 {[%emt 0:05:30]} 10. Bb3 {[%emt 0:01:30]} a5 {[%emt 0:03:30]} 11. a3 {[%emt 0:01:30]} a4 {[%emt 0:07:30]} 12. Ba2 {[%emt 0:00:30]} Bg4 {[%emt 0:00:30]} 13. c3 {[%emt 0:07:30]} e6 {[%emt 0:05:30]} 14. h3 {[%emt 0:05:30]} Bxf3 {[%emt 0:00:00]} 15. Qxf3 {[%emt 0:00:30]} Nbd7 {[%emt 0:02:00]} 16. Bf4 {[%emt 0:06:30]} Qb6 {[%emt 0:09:30]} 17. Re2 {[%emt 0:06:30]} c5 {[%emt 0:00:00]} 18. Rd1 {[%emt 0:14:30]} cxd4 {[%emt 0:20:00]} 19. Rxd4 {[%emt 0:05:30]} Nd5 {[%emt 0:06:30]} 20. Rd1 {[%emt 0:02:30]} Nxf4 {[%emt 0:04:30]} 21. Qxf4 {[%emt 0:00:30]} Nc5 {[%emt 0:00:30]} 22. Qb4 {[%emt 0:14:30]} Qc7 {[%emt 0:03:30]} 23. Ne4 {[%emt 0:07:10]} b6 {[%emt 0:05:24]} 24. Red2 {[%emt 0:03:44]} Rfd8 {[%emt 0:03:27]} 25. Nxc5 {[%emt 0:11:01]} Rxd2 {[%emt 0:02:33]} 26. Rxd2 {[%emt 0:00:03]} 1/2-1/2

[Event "CRO Team Cup 2018"]
[Site "Mali Losinj"]
[Date "2018.05.19"]
[Round "5.24"]
[White "Petrov, Jole"]
[Black "Brumen, Dinko"]
[Result "1/2-1/2"]
[WhiteElo "2408"]
[BlackElo "2319"]
[Annotator "NA"]
[PlyCount "77"]
[EventType "team-tourn"]
[EventCountry "CRO"]
[SourceTitle "playchess.com"]
[Source "ChessBase"]
[SourceQuality "1"]
[TimeControl "40/5400+30:1800+30"]

1. Nf3 {[%emt 0:00:30]} Nf6 {[%emt 0:01:00]} 2. d4 {[%emt 0:00:00]} e6 {[%emt 0:00:00]} 3. c4 {[%emt 0:02:00]} d5 {[%emt 0:00:00]} 4. e3 {[%emt 0:00:30]} Be7 {[%emt 0:00:30]} 5. b3 {[%emt 0:00:30]} O-O {[%emt 0:00:30]} 6. Bb2 {[%emt 0:00:30]} b6 {[%emt 0:01:30]} 7. Bd3 {[%emt 0:00:30]} Bb7 {[%emt 0:01:30]} 8. O-O {[%emt 0:00:30]} c5 {[%emt 0:04:30]} 9. Nbd2 {[%emt 0:01:30]} Ne4 {[%emt 0:04:30] E14: Queen's Indian: Classical Variation (4 e3)} (9... Nbd7 10. Qe2 Ne4 11. Rfd1 Qc7 12. cxd5 exd5 13. Rac1 Bf6 14. Nf1 Rac8 15. Ng3 g6 16. Bb5 Bc6 17. Bxc6 Qxc6 18. dxc5 Nxg3 19. hxg3 bxc5 20. Bxf6 Nxf6 {½-½ (57) Short,N (2664)-Ganguly,S (2603) Kolkata 2015}) 10. cxd5 $146 {[%emt 0:19:30]} ({Predecessor:} 10. Qc2 f5 11. Rad1 Nc6 12. a3 Rc8 13. Ne5 Nxe5 14. dxe5 Qe8 15. f3 Nxd2 16. Rxd2 Qh5 17. f4 {1-0 (44) Marusenko,P (2214)-Gamble,R (1914) Hastings 2017}) 10... exd5 {[%emt 0:00:30]} 11. dxc5 {[%emt 0:00:30]} bxc5 {[%emt 0:01:30]} 12. Qc2 {[%emt 0:05:30]} f5 {[%emt 0:01:30]} 13. Rfd1 {[%emt 0:00:30]} Qe8 {[%emt 0:04:30]} 14. Rac1 {[%emt 0:02:30]} Nc6 {[%emt 0:05:30]} 15. a3 {[%emt 0:07:30]} Rc8 {[%emt 0:06:30]} 16. Nf1 {[%emt 0:05:30]} Bf6 {[%emt 0:07:30]} 17. Ng3 {[%emt 0:02:30]} Ne5 {[%emt 0:02:30]} 18. Nxe5 {[%emt 0:10:30]} Bxe5 {[%emt 0:00:30]} 19. Bxe5 {[%emt 0:02:30]} Qxe5 {[%emt 0:01:30]} 20. f4 {[%emt 0:03:30]} Qe7 {[%emt 0:01:30]} 21. Bxe4 {[%emt 0:01:30]} fxe4 {[%emt 0:01:30]} 22. Qb2 {[%emt 0:06:30]} Rb8 {[%emt 0:36:03]} 23. Qc3 {[%emt 0:07:54]} Ba8 {[%emt 0:02:09]} 24. Rb1 $11 {[%emt 0:04:53]} Rb6 {[%emt 0:05:24]} 25. b4 {[%emt 0:02:12]} Rfb8 {[%emt 0:01:20]} 26. Rdc1 {[%emt 0:00:10]} d4 {[%emt 0:06:10]} (26... c4 $11) 27. Qxc5 {[%emt 0:00:35]} Qxc5 {[%emt 0:00:48]} 28. Rxc5 {[%emt 0:00:02]} d3 {[%emt 0:01:24]} 29. Rbc1 {[%emt 0:00:54]} Rd8 {[%emt 0:01:30]} 30. Nf1 {[%emt 0:00:28]} Ra6 {[%emt 0:00:36]} 31. Nd2 {[%emt 0:00:34]} Rxa3 {[%emt 0:00:55]} 32. Rc8 {[%emt 0:00:23]} Rxc8 {[%emt 0:00:01]} 33. Rxc8+ {[%emt 0:00:01]} Kf7 {[%emt 0:00:04]} 34. Rxa8 {[%emt 0:00:01]} Ra1+ {[%emt 0:00:08]} 35. Kf2 {[%emt 0:01:20]} Ra2 {[%emt 0:00:14]} 36. Ke1 {[%emt 0:10:12]} Ra1+ {[%emt 0:00:05]} 37. Kf2 {[%emt 0:00:10]} Ra2 {[%emt 0:00:05]} 38. Kg3 {[%emt 0:00:48]} Rxd2 {[%emt 0:00:30]} 39. Rxa7+ {[%emt 0:00:49]} 1/2-1/2

[Event "CRO Team Cup 2018"]
[Site "Mali Losinj"]
[Date "2018.05.20"]
[Round "6.5"]
[White "Saric, Ivan"]
[Black "Sprenger, Jan Michael"]
[Result "0-1"]
[WhiteElo "2685"]
[BlackElo "2496"]
[Annotator "TA"]
[PlyCount "60"]
[EventType "team-tourn"]
[EventCountry "CRO"]
[SourceTitle "playchess.com"]
[Source "ChessBase"]
[SourceQuality "1"]

{[%evp 19,60,62,47,-110,-103,-103,-103,-103,-109,-144,-144,-140,-129,-156,0,0,0,-140,-153,-221,-214,-298,-280,-273,-223,-248,-199,-385,-392,-360,-373,-579,-556,-573,-575,-562,-562,-820,-803,-1515,-1405,-29990,-29991]} 1. e4 c5 2. Nf3 e6 3. d4 cxd4 4. Nxd4 a6 5. Bd3 Bc5 6. Nb3 Ba7 7. O-O Nc6 {[%cal Bb8c6,Bc6e5,Be5f3][%mdl 32]} 8. Qg4 Nf6 9. Qxg7 Rg8 10. Qh6 Ne5 {LiveBook: 39 Games. Strongly threatening ...Neg4. B42: Sicilian: Kan Variation: 5 Bd3} 11. Bg5 $2 (11. Be2 $14) (11. Be2 Nxe4 12. Be3 Bb8 13. Nc3 Nf6 14. Bg5 Nfg4 15. Bxd8 Nxh6 16. Bb6 d5 17. Rfe1 Nf5 18. Nd4 {0-1 (33) Morozevich,A (2676)-Andreikin,D (2708) Sochi 2017}) 11... Rg6 $17 12. Qh4 {[#]} Nf3+ $1 {Black is better.} 13. gxf3 h6 $1 14. Kh1 hxg5 15. Qh8+ $146 ({Predecessor:} 15. Qh3 e5 16. Nc3 d6 17. Qh8+ Ng8 18. f4 gxf4 {0-1 (55) Holzke,F (2471)-Nijboer,F (2577) Germany 2003}) 15... Rg8 {[%mdl 1024] Black has strong compensation.} 16. Qh6 Rg6 17. Qh8+ $1 Rg8 18. Qh6 {[#] aiming for e5.} Bb8 $1 19. Nc3 (19. Re1 $17 Be5 20. N1d2) 19... Ke7 $19 20. Nd5+ exd5 21. Nd4 {Threatens to win with Nf5+.} Qb6 22. Nf5+ Kd8 {Hoping for ...dxe4.} 23. Rg1 $2 (23. exd5 {only move.} Bf4 24. b3 Nxd5 25. c4 Qxh6 26. Nxh6) 23... dxe4 24. fxe4 Bf4 25. h4 (25. Rae1 $142) 25... d5 26. e5 Bxf5 27. Bxf5 Bxe5 28. f4 Bxf4 {White must now prevent ...Kc7.} 29. hxg5 Kc7 30. Qxf6 Rh8+ {Precision: White = 25%, Black = 88%.} 0-1

[Event "CRO Team Cup 2018"]
[Site "Mali Losinj"]
[Date "2018.05.20"]
[Round "6.6"]
[White "Muha, Miljenko"]
[Black "Markus, Robert"]
[Result "0-1"]
[WhiteElo "2384"]
[BlackElo "2603"]
[Annotator "TA"]
[PlyCount "76"]
[EventType "team-tourn"]
[EventCountry "CRO"]
[SourceTitle "playchess.com"]
[Source "ChessBase"]
[SourceQuality "1"]

{[%evp 17,76,76,91,85,82,63,84,85,105,76,85,77,82,68,77,70,63,31,60,62,112,64,98,83,90,63,93,58,69,22,26,0,0,-122,-96,-99,-113,-139,-143,-133,-129,-281,-281,-281,-281,-281,-281,-281,-281,-281,-281,-317,-266,-245,-276,-677,-642,-2463,-2255,-29981,-29982]} 1. d4 Nf6 2. c4 d6 3. Nc3 g6 4. e4 Bg7 5. Be2 O-O 6. Nf3 c5 7. O-O Nc6 8. d5 Na5 9. Bg5 {E91: Königsindisch (Klassisches System)} e5 {LiveBook: 4 Partien} 10. Ne1 Bd7 $146 ({Vorgänger:} 10... h6 11. Be3 b6 12. g4 Nh7 13. Kh1 Ng5 14. Rg1 Nh3 15. Rg3 Nf4 16. Ng2 Qe7 {1-0 (47) Narciso Dublan,M (2532)-Perpinya Rofes,L (2398) Montcada 2015}) 11. Qd2 {Weiß steht besser.} Kh8 12. b3 Qc7 13. Bh6 Bxh6 14. Qxh6 Rae8 15. f4 {zielt auf fxe5 ab.} Ng8 16. Qh4 exf4 17. Nd3 f6 18. Qxf4 ({Doch nicht} 18. Nxf4 g5 $17) 18... b6 19. Bg4 (19. Qg3 {keeps more tension.} Nb7 20. Nf4 Qc8 21. a4 Re7 22. Rae1) 19... a6 20. Bxd7 Qxd7 21. Qh4 Qg7 22. Qg3 Nb7 $1 {[%cal Ba5b7,Bb7d8,Bd8f7,Bf7e5,Be5f3][%mdl 32]} 23. Rae1 Nh6 24. Rf3 f5 {[%cal Bf6f5,Bf5f4][%mdl 32]} 25. Nf2 (25. Nf4 $11 Nd8 26. h4) 25... f4 $1 $17 {[%cal Rf4g3]} 26. Qh3 {[#]} Nd8 $1 27. Ng4 Nxg4 28. Qxg4 Nf7 {...Se5 ist eine echte Drohung.} 29. Qd7 $2 (29. Qxf4 $17 {ist eine bessere Verteidigung.} Ne5 30. Qe3) 29... Qd4+ $19 30. Kf1 Ne5 31. Qh3 Nxf3 32. Qxf3 Re7 33. g4 Qf6 34. Ke2 b5 35. cxb5 axb5 {[%cal Ba6b5,Bb5b4][%mdl 32]} 36. Kd3 $2 {[#]} (36. Nxb5 Ra8 37. a3) 36... b4 37. Ne2 Qb2 38. Kc4 Qxa2 {Precision: Weiß = 20%, Schwarz = 70%.} 0-1

[Event "CRO Team Cup 2018"]
[Site "Mali Losinj"]
[Date "2018.05.20"]
[Round "6.7"]
[White "Kuljasevic, Davorin"]
[Black "Rade, Miroslav"]
[Result "1-0"]
[WhiteElo "2534"]
[BlackElo "2411"]
[Annotator "TA"]
[PlyCount "67"]
[EventType "team-tourn"]
[EventCountry "CRO"]
[SourceTitle "playchess.com"]
[Source "ChessBase"]
[SourceQuality "1"]

{[%evp 24,67,0,0,0,0,-5,-15,-3,-7,20,15,19,0,0,0,0,-10,-16,-16,15,0,10,13,16,18,31,0,226,226,219,220,220,210,204,158,287,284,275,250,345,326,343,342,337,333]} 1. d4 Nf6 2. c4 e6 3. Nf3 d5 4. Nc3 Bb4 5. cxd5 exd5 6. Qa4+ Nc6 7. Bg5 h6 8. Bxf6 Qxf6 9. e3 O-O 10. Be2 Rd8 11. O-O {D38: Damengambit (Ragosin-Verteidigung)} a6 12. Rfc1 Be6 13. Qd1 {[#] LiveBook: 9 Partien. Die Stellung ist ausgeglichen.} Ne7 $146 ({Vorgänger:} 13... Bd6 14. Na4 Ne7 15. Nc5 Bc8 16. b4 Ng6 17. Ne1 Qe7 18. g3 Nf8 {0-1 (43) Friedel,J (2524)-Movsesian,S (2677) Reykjavik 2017}) 14. Na4 c6 15. a3 Bd6 16. b4 Bg4 17. Nc5 Ra7 18. Nd2 Bxe2 19. Qxe2 Nf5 20. Qd3 g6 21. Rab1 Kg7 22. Nf3 h5 23. e4 dxe4 $1 24. Nxe4 Qe6 25. Re1 (25. d5 $5 cxd5 26. Nxd6 Rxd6 27. Rc7 $14) 25... Be7 $2 {[#]} (25... Raa8 $11) 26. Ng3 $18 Qf6 27. Nxf5+ gxf5 28. Re5 Rd5 29. Rbe1 $36 {[%mdl 2048] Läuft bei Weiss.} Bd6 (29... b5 $16 30. h3 Rad7) 30. Rxd5 cxd5 {[#]} 31. g3 $1 f4 32. Nh4 {Weiß hat entscheidenden Vorteil.} Kf8 33. Qh7 Ra8 34. Qxh5 {Precision: Weiß = 78%, Schwarz = 47%.} 1-0

[Event "CRO Team Cup 2018"]
[Site "Mali Losinj"]
[Date "2018.05.20"]
[Round "6.8"]
[White "Doric, Darko"]
[Black "Jovanic, Ognjen"]
[Result "1/2-1/2"]
[WhiteElo "2463"]
[BlackElo "2513"]
[Annotator "TA"]
[PlyCount "239"]
[EventType "team-tourn"]
[EventCountry "CRO"]
[SourceTitle "playchess.com"]
[Source "ChessBase"]
[SourceQuality "1"]

{[%evp 18,239,8,0,23,7,3,0,20,-30,-26,-4,-16,-4,21,18,25,14,30,24,27,0,30,-26,23,-23,32,-23,34,0,0,0,11,-25,-25,-26,-27,-65,-45,-44,-34,-28,-27,-28,-27,-29,0,0,64,0,0,0,0,0,0,0,3,0,0,0,0,0,0,-6,-1,-59,-42,-40,-34,-111,-34,-105,-34,-62,-37,-50,-43,-112,-128,-242,-235,-320,-320,-439,-447,-450,-437,-420,-452,-446,-430,-409,-404,-388,-368,-362,-285,-292,-275,-309,-101,-137,-16,-36,0,-192,-104,-113,-107,-166,-8,-11,-8,-8,-8,-8,-8,-27,0,0,0,0,0,0,0,0,0,0,0,0,0,-8,0,-8,0,0,0,-8,-8,-8,0,-8,-8,-8,-8,-191,0,0,0,0,0,0,0,0,0,0,0,0,0,0,0,0,0,0,0,0,0,-8,-8,-16,-8,-8,-8,-16,0,0,0,0,0,0,0,-16,0,0,0,-16,0,0,0,0,0,0,0,-16,0,0,0,0,0,0,0,0,0,0,0,0,0,0,0,0,0,0,0,0,0,0,0,0,0,0,0,0,0,0]} 1. d4 d5 2. Nf3 Nf6 3. Bf4 e6 4. e3 c5 5. c3 Nc6 6. Nbd2 Be7 7. Bd3 Nh5 8. Be5 {D02: 1 d4 d5 2 Nf3 sidelines, including 2...Nf6 3 g3 and 2...Nf6 3 Bf4} Nxe5 (8... f6 9. Bg3 g6 10. Qe2 Bd7 11. dxc5 Bxc5 12. e4 Nxg3 13. hxg3 dxe4 14. Bxe4 Kf7 15. O-O-O Qc7 {1-0 (24) Carlsen,M (2837)-Kryvoruchko,Y (2689) Riadh 2017}) 9. Nxe5 Nf6 10. O-O {LiveBook: 3 Games} Nd7 11. f4 g6 12. Ndf3 O-O 13. g4 {[%cal Bg2g4,Bg4g5][%mdl 32]} f6 14. Nxd7 Bxd7 15. Qc2 Kg7 16. Qg2 $146 Rc8 17. h4 {[%cal Bh2h4,Bh4h5][%mdl 32]} Bd6 18. g5 f5 19. h5 cxd4 20. cxd4 (20. h6+ $142 Kg8 21. cxd4) 20... Qa5 21. a3 Qb6 (21... gxh5 $11 22. Qe2 Be8) 22. Qe2 (22. Qh2 $14) 22... a6 (22... gxh5 $11 23. Kf2 a6) 23. Kf2 gxh5 24. Rh1 Be8 25. Rab1 Bg6 26. Nd2 Rh8 27. Rh4 Rcg8 28. Rg1 Kf7 {[%cal Bg7f7,Bf7e7,Be7d7][%mdl 32]} 29. Nf3 Ke7 30. Rhh1 Kd7 31. Qd2 Be8 32. Be2 Bf7 ({Black should try} 32... Kd8 $11) 33. Ne1 (33. b4 $14) 33... h6 $1 $11 {[%cal Rh6g5]} 34. Bxh5 Bxh5 35. Rxh5 hxg5 36. Rgxg5 Qd8 37. Rxh8 Rxh8 38. Rg7+ Kc8 $1 39. Nf3 Kb8 40. Qd1 Qb6 41. b4 (41. Qd2 $11) 41... Qc6 $15 42. Rg6 Be7 43. Qe2 (43. Qb3 $15) 43... Qe8 ({Black should play} 43... Bh4+ $17 44. Nxh4 Rxh4) 44. Rg7 (44. Rg1 $15) 44... Bf6 (44... Bh4+ $1 $17 45. Kf1 Bf6) 45. Rg2 Bh4+ 46. Kg1 Be7 47. Ne5 (47. Rh2 $15) 47... Bd6 $17 48. Nd3 (48. Nf3 $17) 48... Qa4 $19 49. Nc5 Bxc5 ({Resist} 49... Qxa3 50. Qe1 $19) 50. bxc5 Qxa3 {[%mdl 4096] Endgame KQR-KQR} 51. Kf2 Qc1 52. Qe1 Qc2+ 53. Qe2 Qe4 54. Qb2 Qd3 $1 55. Qe2 Qc3 56. Qe1 Qb3 57. Qc1 Qb5 58. Kg1 Qe8 $2 (58... Qd3 $19 59. Qd2 Qe4) 59. Kf2 Rg8 (59... a5 $17 {Threatens to win with ...Qb5.} 60. Qg1 Qc6) 60. Rg5 $11 Rh8 61. Qg1 $2 (61. Rg2 $1 $11 {and White is okay.}) 61... Ka7 ({Better is} 61... a5 $19 62. Qb1 Qc6) 62. Qb1 $17 {[#]} Qc6 $1 63. Rg7 {[#]} (63. Rg2 $17 {was called for.}) 63... Rc8 $2 (63... a5 $1 $19 {...a4 is the strong threat.} 64. Qc1 a4) 64. Qb4 $11 Qb5 65. Qxb5 axb5 {KR-KR} 66. Ke2 Ka6 {Black wants to play ...b6.} 67. Kd3 b6 (67... b4 $5 {[%cal Rb7b6]}) 68. Re7 $1 {[%cal Re7e6]} Rc6 69. Re8 b4 70. Ra8+ Kb7 71. Ra4 bxc5 (71... b3 $5 {[%cal Rb6c5]}) 72. dxc5 Rxc5 {And now ...Rc4 would win.} 73. Rxb4+ Kc6 74. Rb8 Kd6 75. Re8 Rc4 76. Ra8 Re4 77. Ra6+ Ke7 78. Ra7+ Kf6 79. Ra6 Kf7 80. Ra7+ Kg6 81. Rd7 $2 (81. Ra1 $11) 81... Kf6 $2 (81... Kh6 $19 82. Rd8 Kh5) 82. Ke2 {The position is equal.} Kg6 (82... d4 $5 83. Rxd4 Rxd4 84. exd4 Kf7 $11) 83. Kf3 $1 Kf6 (83... d4 $5 84. exd4 Re1 $11) 84. Ke2 Ra4 (84... Kg6 $5 {[%cal Rd5d4]} 85. Kd3 Kh5 $17) 85. Kf3 Ra2 86. Kg3 Rb2 87. Kf3 Rb1 88. Kf2 Rb8 (88... Rb4 {is more complex.} 89. Kf3 Re4) 89. Kf3 Rf8 90. Ra7 Rd8 91. Ra4 Rd7 92. Rb4 Ra7 93. Rb6 Ke7 94. Ke2 Kd7 95. Kf3 Rc7 96. Ra6 Rc6 97. Ra4 Kd6 98. Ra5 Rb6 99. Ra8 Kc5 100. Ke2 Rb2+ 101. Kf3 Rb6 102. Ke2 Rc6 103. Kd3 Kd6 104. Ra7 Rb6 105. Ke2 Rb4 106. Ra6+ Kd7 107. Ra7+ Kc6 108. Ra6+ Rb6 109. Ra5 Kd6 110. Ra8 Rb3 111. Ra6+ Ke7 112. Ra7+ Kf6 113. Rd7 Rb4 114. Kf3 Kg6 115. Re7 Re4 116. Rd7 Kf6 117. Ke2 e5 {Hoping for ...Ke6.} 118. Rd6+ Ke7 119. Rxd5 exf4 120. Rxf5 {Precision: White = 55%, Black = 43%.} 1/2-1/2

[Event "CRO Team Cup 2018"]
[Site "Mali Losinj"]
[Date "2018.05.20"]
[Round "6.9"]
[White "Bosiocic, Marin"]
[Black "Saric, Ibro"]
[Result "1-0"]
[WhiteElo "2597"]
[BlackElo "2554"]
[Annotator "TA"]
[PlyCount "115"]
[EventType "team-tourn"]
[EventCountry "CRO"]
[SourceTitle "playchess.com"]
[Source "ChessBase"]
[SourceQuality "1"]

{[%evp 26,115,52,44,109,28,30,34,34,37,35,10,18,0,4,-25,25,-24,0,-19,-18,-18,-18,-18,-18,-19,0,-38,-16,-17,-17,-31,-30,-162,-160,-160,-128,-147,0,3,15,8,25,0,0,0,0,0,0,-38,-42,-47,0,-5,0,0,202,187,418,467,446,437,455,455,386,374,1547,1555,1547,1450,1375,1257,969,-450,-437,-421,-385,-194,-170,-666,-385,-476,0,0,0,0,0,0,29975,29967,29982,29982]} 1. e4 e5 2. Nf3 Nc6 3. Bb5 a6 4. Ba4 Nf6 5. O-O Be7 6. Re1 b5 7. Bb3 d6 8. c3 O-O 9. h3 Na5 10. Bc2 c5 11. d4 Nd7 {[%cal Bf6d7,Bd7b6,Bb6a4][%mdl 32]} 12. a4 Bb7 {C96: Closed Ruy Lopez: Chigorin Defence: 11 d4, replies other than 11...Qc7} (12... b4 13. Nbd2 Rb8 14. Nf1 b3 15. Bd3 exd4 16. cxd4 c4 17. Be2 c3 18. Ng3 Nf6 19. Bd3 Nc6 20. d5 {0-1 (37) Quesada Perez,Y (2627)-Caruana,F (2811) chess.com INT 2018}) 13. d5 c4 14. Be3 {[#] LiveBook: 3 Games} Bc8 $146 (14... Nb6 $14) ({Predecessor:} 14... Qb8 15. Nbd2 Bc8 16. axb5 axb5 17. Ra3 Nb7 18. Qa1 Rxa3 19. bxa3 {1-0 (47) Sutovsky,E (2650)-Bologan,V (2640) Poikovsky 2017}) 15. axb5 ({White should try} 15. Na3 $1 $16) 15... axb5 $11 16. Nbd2 Nb6 17. Qe2 Bd7 18. Ra3 Na4 19. Rb1 Qc7 20. g4 Ra6 21. Kh2 (21. Bxa4 $5 bxa4 22. b4 axb3 23. Nxb3 $1 $11 {[%mdl 512]}) 21... Rfa8 22. Nf1 {[%cal Bd2f1,Bf1g3,Bg3f5][%mdl 32]} Nc5 23. N3d2 Nab7 24. Rxa6 Rxa6 25. Ng3 Qd8 26. Nf3 Ra2 27. Nf5 Bf8 28. Nd2 Qa8 29. f4 (29. Nf1 $11) 29... Na4 $1 $19 {[%cal Ra4c3]} 30. Bxa4 Qxa4 31. Nf3 {[#]} f6 (31... b4 $1 $17 {[%cal Rb4c3]} 32. Nd2 (32. fxe5 dxe5 33. Ng3 Bb5 $17) (32. Qxc4 bxc3 33. Qxc3 Qxe4 $17) 32... Na5 33. fxe5 dxe5) 32. g5 $11 {Black must now prevent gxf6.} Bxf5 $1 33. exf5 {Hoping for gxf6.} Ra1 $1 {[%cal Ra1b1]} 34. Rxa1 Qxa1 35. Qg2 {Strongly threatening gxf6.} Be7 36. g6 h6 37. Qc2 Qf1 38. Kg3 $1 Bd8 39. Bf2 Bc7 40. Qe4 $36 {[%mdl 2048] Threatens to win with fxe5. White has the initiative.} Qd1 $2 (40... Kf8 $1 $11 {and Black is okay.}) 41. Kg2 $18 Na5 $2 (41... Nd8) 42. fxe5 dxe5 {[#]} 43. Bc5 $1 {White wants to mate with d6!} Qd3 44. Qxd3 cxd3 {[%mdl 4096] Endgame KBN-KBN} 45. Nd2 (45. d6 Bxd6 46. Bxd6 Nc4 $11) 45... Nc4 $2 (45... Nb7) 46. Nxc4 bxc4 {KB-KB} 47. Kf2 e4 48. d6 Bd8 49. Be3 $4 {[%mdl 8192]} (49. d7 $18 {And now Ke1 would win.} h5 50. Ke1) 49... Kf8 $19 50. Ke1 h5 51. Kd1 Ke8 52. Kc1 $2 (52. Ke1) 52... Kd7 53. Bh6 e3 $2 ({But not} 53... gxh6 $2 54. g7 $18) (53... Kxd6 $19 54. Bxg7 Ke7) 54. Bxg7 $11 e2 {[%cal Re2e1]} ({Not} 54... Kxd6 $2 55. Bf8+ Kc6 56. g7 $18) (54... Bb6 $5 55. Kd1 $8 (55. Bxf6 {leads to mate.} e2 56. Kb1 e1=Q+ 57. Ka2 d2 58. Bh4 Qxh4 59. g7 d1=Q 60. g8=Q Qb3+ 61. Kb1 Qe1#) 55... Bc5 56. Bxf6 e2+ 57. Ke1 Bxd6 $11) 55. Kd2 Bb6 $1 {[%cal Rb6f2] ( -> ...Bf2)} 56. Ke1 Be3 $2 {[%mdl 8192]} (56... Bc5 $11 57. Bxf6 Bxd6) 57. Bxf6 Bf4 58. Bh4 {Precision: White = 48%, Black = 49%.} 1-0

[Event "CRO Team Cup 2018"]
[Site "Mali Losinj"]
[Date "2018.05.20"]
[Round "6.10"]
[White "Saric, Ante"]
[Black "Tica, Sven"]
[Result "1-0"]
[WhiteElo "2535"]
[BlackElo "2444"]
[Annotator "TA"]
[PlyCount "79"]
[EventType "team-tourn"]
[EventCountry "CRO"]
[SourceTitle "playchess.com"]
[Source "ChessBase"]
[SourceQuality "1"]

{[%evp 23,79,25,43,47,33,35,44,35,44,34,31,39,46,27,31,31,25,23,34,1,15,8,6,-6,0,-9,-10,-19,68,75,73,75,74,65,408,407,423,412,421,431,427,435,436,407,550,534,665,643,1204,1193,908,923,923,529,502,0,915,802]} 1. Nf3 d5 2. g3 Nf6 3. Bg2 e6 4. O-O Be7 5. c4 O-O 6. d4 Nbd7 7. b3 c6 8. Bb2 b6 9. Nbd2 Bb7 10. e3 c5 {E07: Closed Catalan: Main Line (5 Nf3 0-0 6 0-0 Nbd7)} 11. Qe2 Rc8 12. Rac1 Rc7 {LiveBook: 4 Games. White has an edge.} 13. cxd5 exd5 {[#]} 14. Rfd1 $146 ({Predecessor:} 14. Ne5 Re8 15. Rfd1 Nf8 16. dxc5 bxc5 17. Ng4 Ne6 18. Be5 Rd7 19. Bxf6 Bxf6 20. Nxf6+ Qxf6 {0-1 (48) Epishin,V (2554)-Schuh,D (2247) Werther 2007}) 14... Qc8 15. Ne5 Rd8 16. Nxd7 Qxd7 17. dxc5 bxc5 18. Bxf6 Bxf6 19. Ne4 Be7 20. Nc3 Qe6 21. Qd2 {[%cal Rc3d5]} Rcd7 22. Ne2 Qb6 23. Qc2 d4 {[#] And now ...d3 would win.} 24. exd4 cxd4 {Strongly threatening ...d3.} 25. Nf4 d3 (25... Bg5 $11) 26. Rxd3 $14 Rxd3 27. Nxd3 Ba6 28. Nf4 Rc8 $2 {[%mdl 8192]} ({Better is} 28... Qd4 $14) 29. Qxc8+ $1 $18 Bxc8 30. Nd5 ({Not} 30. Rxc8+ Bf8 $11) 30... Qd6 {[#] aiming for ...Be6.} 31. Nxe7+ ({Worse is} 31. Rxc8+ Bf8 $11) 31... Kf8 32. Nxc8 Qd2 33. Rc7 Qxa2 34. Bd5 Qa1+ 35. Kg2 Qd4 36. Rxf7+ Ke8 37. Nd6+ Kd8 38. Nb7+ Ke8 39. Nd6+ Kd8 40. Bc6 {Precision: White = 55%, Black = 45%.} 1-0

[Event "CRO Team Cup 2018"]
[Site "Mali Losinj"]
[Date "2018.05.20"]
[Round "6.11"]
[White "Golubovic, Boris"]
[Black "Plenca, Julijan"]
[Result "1/2-1/2"]
[WhiteElo "2386"]
[BlackElo "2413"]
[Annotator "TA"]
[PlyCount "67"]
[EventType "team-tourn"]
[EventCountry "CRO"]
[SourceTitle "playchess.com"]
[Source "ChessBase"]
[SourceQuality "1"]

{[%evp 25,67,0,0,0,0,0,0,0,4,0,0,0,0,0,0,-4,0,0,0,0,-16,-9,24,20,43,49,50,42,87,81,135,110,121,126,139,21,200,197,240,0,0,0,0,0]} 1. d4 Nf6 2. Nf3 g6 3. Bf4 Bg7 4. e3 d6 5. h3 O-O 6. Be2 c5 7. c3 b6 8. O-O Bb7 9. a4 {A48: 1 d4 Nf6 2 Nf3 g6: Torre, London and Colle Systems} a6 10. Bh2 Nbd7 11. Re1 (11. Nbd2 Ra7 12. Qb1 Qa8 13. Bd3 cxd4 14. cxd4 Nd5 15. Rc1 Nb4 16. Bf1 Nf6 17. Ra3 Bd5 18. Bc4 Bc6 19. Bf1 Bd5 {1-0 (56) Ivanchuk,V (2713)-Wagner,D (2566) Batumi 2018}) 11... Ra7 12. Nbd2 Qa8 13. Bd3 Ne4 {LiveBook: 7 Games} 14. Nxe4 (14. Bf1 {with more complications.} Nxd2 15. Nxd2 Bc6 16. Bg3 b5 17. Nb3) 14... Bxe4 15. Bxe4 Qxe4 16. Nd2 Qa8 17. Qe2 $146 ({Predecessor:} 17. Qf3 d5 18. a5 bxa5 19. Rxa5 Rc8 {½-½ (40) Umetsubo,C (2355)-Martinez Alcantara,J (2440) Praia da Pipa 2014}) 17... Rc8 18. Qd3 Rac7 19. Bg3 Qb7 20. Nf3 b5 21. axb5 axb5 22. e4 cxd4 23. cxd4 e5 24. Ra5 Rc4 {[%cal Re5d4]} 25. b3 Rc3 26. Qxb5 Qc7 27. Ra6 ({Not} 27. dxe5 $2 Rc5 $19) 27... Rb8 (27... Nb8 $142) 28. Qd5 $16 Nb6 {[#]} 29. Qa5 $1 exd4 30. e5 ({Better is} 30. Ra7 $16 Rb7 31. Rxb7 Qxb7 32. e5 (32. Bxd6 Qc6 $16)) 30... dxe5 $2 (30... Bxe5 $1 $11 {and Black is okay.} 31. Nxe5 Rc5) 31. Nxe5 $18 Rc5 {[#]} 32. Nd3 $2 (32. Nd7 $1 $18 {[%cal Rd7c5][%mdl 512]} Rxa5 (32... Nxd7 33. Bxc7) 33. Bxc7 Nxd7 34. Rxa5) 32... Rxa5 $11 33. Bxc7 Rxa6 34. Bxb8 {Precision: White = 57%, Black = 43%.} 1/2-1/2